00321nam a22000857a 4500008004100000082002200041245012500063260003700188300001000225230609b xxu||||| |||| 00| 0 eng d a354.62007232bGOK a Report of the Public Accounts Committee on the Government of Kenya Accounts for the Year 1999/2000cGovernment of Kenya aKenyabGovernment of Kenyac2000 a578 p